Bilecik Bilecik Bilecik Bilecik Bilecik

Siyasi coğrafya : (Record no. 51465)

MARC details
000 -BAŞLIK
Sabit Uzunluktaki Kontrol Alanı 01326nam a22003497a 4500
001 - KONTROL NUMARASI
Control Dosyası 0051645
003 - KONTROL NUMARASI KİMLİĞİ
Kontrol Alanı KOHA_MİRAKIL
005 - EN SON İŞLEM TARİHİ ve ZAMANI
Kontrol Alanı 20260207003813.0
007 - FİZİKSEL TANIM SABİT ALAN - GENEL BİLGİ
Sabit uzunluklu kontrol alanı ta
008 - SABİT UZUNLUKTAKİ VERİ ÖGELERİ - GENEL BİLGİ
Sabit Alan 150629b2014 tu a|||gr||||#||||0|tur |
020 ## - ISBN - ULUSLARARASI STANDART KİTAP NUMARASI
Isbn 9786051337258
040 ## - KATALOGLAMA KAYNAĞI
Özgün Kataloglama Kurumu TR-BiSEU
Kataloglama Dili tur
Çeviri Kurumu TR-BiSEU
Açıklama Kuralları rda
041 0# - DİL KODU
Metin ya da ses kaydının dil kodu tur
044 ## - YAYINLAYAN/ÜRETEN KURULUŞUN ÜLKE KODU
ISO country code tu
050 ## - SINIFLAMA ve YER NUMARASI
Sınıflama Numarası JC319
Yer Numarası .F55 2014
100 1# - KİŞİ ADI
Yazar Adı (Kişi adı) Flint, Colin.
240 10 - TEK BİÇİM BAŞLIK
Tekbiçim Başlık <a href="political geography : world-economy, nation-state, and locality">political geography : world-economy, nation-state, and locality</a>
Language of a work Türkçe
245 1# - ESER ADI BİLDİRİMİ
Başlık Siyasi coğrafya :
Alt Eseradı vb. dünya-ekonomisi, ulus-devlet ve yerellik =
-- political geography :
-- world-economy, nation-state, and locality/
Sorumluluk Bildirimi Colin Flint ; Colin Flint, Peter J. Taylor ; çeviren Fulya Ereker.
250 ## - BASIM BİLDİRİMİ
Basım Bildirimi 6. Basımdan çeviri
264 #1 - ÜRERİM, YAYIN, DAĞITIM ve TELİF BİLDİRİMİ
Yayın yeri Ankara :
Yayınlayan Nobel
Yayın tarihi 2014
300 ## - FİZİKSEL TANIMLAMA
Sayfa, Cilt vb. XIII, 338 sayfa, harita :
Diğer fiziki detaylar resimli ;
Boyutları 28 cm.
336 ## - İÇERİK TÜRÜ
Content type term metin
Content type code txt
Source rdacontent
337 ## - MEDYA TÜRÜ
Media type term aracısız
Media type code n
Source rdamedia
338 ## - TAŞIYICI TÜRÜ
Carrier type term cilt
Carrier type code nc
Source rdacarrier
490 1# - DİZİ BİLDİRİMİ
Dizi Bildirimi Nobel yayın no ;
Cilt Numarası 822.
490 1# - DİZİ BİLDİRİMİ
Dizi Bildirimi Yönetim siyaseti ve uluslararası ilişkiler ;
Cilt Numarası 006.
500 ## - GENEL NOT
Genel Not Kaynakça var.Dizin var.
650 #0 - KONU BAŞLIĞI EK GİRİŞ - KONU TERİMİ
Konusal terim veya coğrafi ad Siyasal coğrafya.Political geography.Jeopolitik.Geopolitics.
9 (RLIN) 96207
830 1# - SERİ EK GİRİŞİ - TEKBİÇİM ESER ADI
Tekbiçim Başlık Nobel yayın no ;
Volume number/sequential designation 822.
9 (RLIN) 1940
830 1# - SERİ EK GİRİŞİ - TEKBİÇİM ESER ADI
Tekbiçim Başlık Yönetim siyaseti ve uluslararası ilişkiler ;
Volume number/sequential designation 006.
9 (RLIN) 96208
942 ## - EK GİRİŞ ÖGELERİ (KOHA)
Source of classification or shelving scheme Library of Congress Classification
Koha item type Book
Holdings
Materyal Türü Kalıcı Konum Mevcut Konum Raf Yeri Sınıflandırma Kaynağı Edinim Bilgisi Ana Konular Alt Konular Yer Numarası Demirbaş Numarası Fatura Tarihi Maliyet, Alış Fiyatı Maliyet, Yenileme Fiyatı Geri Çekilme Durumu Kayıp Durumu Hasarlı Durumu Kredi için değil Kayıt Tarih Toplam Ödünçverme Son Görülme Tarihi Son Kontrol Tarihi Satın Alma Notu
Book Prof. Dr. Azmi Özcan Kütüphanesi Prof. Dr. Azmi Özcan Kütüphanesi Uluğbey Salonu Library of Congress Classification Satın SİYASET BİLİMİ Siyaset Teorisi JC319 .F55 2014 0051645 07/07/2015 21.71 21.71         29/06/2015 1 15/04/2026 15/04/2026 B-984687 - B-984797
Book Prof. Dr. Azmi Özcan Kütüphanesi Prof. Dr. Azmi Özcan Kütüphanesi Uluğbey Salonu Library of Congress Classification Satın SİYASET BİLİMİ Siyaset Teorisi JC319 .F55 2014 0051646 07/07/2015 21.71 21.71         29/06/2015 1 05/12/2024 05/12/2024 B-984687 - B-984797